[Event "Match"]
[Site "www.echecsemail.com"]
[Date "2015.12.31"]
[Round "1"]
[White "Kacuk"]
[Black "Cristiano"]
[WhiteElo "1860"]
[BlackElo "2160"]
[Result "0-1"]
[Round "1"]
1.Ng1f3 d6
2.d4 g6
3.e4 Bf8g7
4.Bf1c4 e6
5.O-O Ng8e7
6.Nb1c3 O-O
7.Bc1g5 a6
8.a4 Nb8d7
9.Qd1d2 b6
10.Bc4e2 Bc8b7
11.Bg5h6 f5
12.e5 dxe5
13.dxe5 Bb7c8
14.Bh6xg7 Kxg7
15.h4 Ne7c6
16.Nf3g5 Nd7xe5
17.Be2d3 h6
18.Ng5h3 Qd8xh4
19.Qd2f4 Qh4g4
20.f3 Qg4xf4
21.Nh3xf4 Ne5xd3
22.Nf4xd3 Kf6
23.Ra1e1 Bc8d7
24.b3 Ra8d8
25.Nc3b1 Nc6d4
26.Nb1a3 Rf8e8
27.Nd3e5 Nd4c6
28.Ne5xd7 Rd8xd7
29.Na3c4 e5
30.Re1d1 Re8d8
31.Rd1xd7 Rd8xd7
32.Rf1e1 Rd7d5
33.Nc4e3 Rd5d2
34.Re1d1 Rd2xd1
35.Ne3xd1 Nc6d4
36.Nd1e3 Ke6
37.Kf2 h5
{ resign }
0-1

[Event "Match"]
[Site "www.echecsemail.com"]
[Date "2015.12.31"]
[Round "1"]
[White "Kacuk"]
[Black "Darknight"]
[WhiteElo "1860"]
[BlackElo "1640"]
[Result "1-0"]
[Round "1"]
1.d4 d5
2.Ng1f3 h6
3.Bc1f4 e6
4.e3 Ng8f6
5.Bf1d3 a6
6.O-O Rh8g8
7.c4 g5
8.Bf4e5 Nb8d7
9.cxd5 exd5
10.Nb1c3 c6
11.e4 h5
12.exd5 cxd5
13.Qd1c2 g4
14.Nf3h4 Nf6e4
15.Nh4f5 Nd7b6
16.Bd3xe4 Bc8e6
17.Be4d3 f6
18.Be5g3 Qd8d7
19.Rf1e1 Nb6c8
20.f3 gxf3
21.Re1xe6 Kd8
22.Nc3xd5 Qd7xe6
23.Qc2c7 Ke8
24.Ra1e1 Qe6xe1
25.Bg3xe1 Nc8e7
26.Nd5xe7 Rg8xg2
27.Kh1 f2
28.Nf5d6 
1-0

[Event "1/64 Finale"]
[Site "www.chess-mail.com"]
[Date "2015.12.31"]
[Round "1"]
[White "Madz123456"]
[Black "Aperturaf"]
[WhiteElo "2420"]
[BlackElo "2390"]
[Result "0-1"]
[Round "1"]
1.e4 e6
2.d4 d5
3.Nb1c3 Ng8f6
4.Bc1g5 dxe4
5.Nc3xe4 Bf8e7
6.Bg5xf6 gxf6
7.Ng1f3 b6
8.Bf1c4 Bc8b7
9.Qd1e2 c6
10.O-O-O Qd8c7
11.g3 Nb8d7
12.Rh1e1 O-O-O
13.Bc4a6 b5
14.Ba6xb7 Kxb7
15.Kb1 Nd7b6
16.Rd1d3 Rd8d7
17.Ne4d2 Rh8d8
18.Re1c1 Ka8
19.c4 Qc7b7
20.Rd3b3 b4
21.Rb3d3 c5
22.Nd2b3 Kb8
23.Rd3d2 Qb7c7
24.Nf3e1 Nb6a4
25.Rd2d1 Qc7b6
26.Qe2c2 h6
 { time }
0-1

[Event "1/128 Finale"]
[Site "www.chess-mail.com"]
[Date "2015.12.31"]
[Round "1"]
[White "Vitoriccardo"]
[Black "Jhw"]
[WhiteElo "1880"]
[BlackElo "1890"]
[Result "1-0"]
[Round "1"]
1.d4 g6
2.e4 d5
3.exd5 Bf8g7
4.Bc1f4 Ng8f6
5.c4 Bc8f5
6.Nb1c3 Nf6e4
7.Ng1f3 Ne4xc3
8.bxc3 O-O
9.Bf1d3 Bf5xd3
10.Qd1xd3 Nb8d7
11.O-O Nd7f6
12.Qd3d2 Ra8c8
13.Ra1b1 b6
14.Bf4h6 Bg7xh6
15.Qd2xh6 c5
16.Rf1d1 Nf6e4
17.Nf3g5  { time }
1-0

[Event "Eq:Equipo Juan Diaz-Team USA : "]
[Site "www.chess-mail.com"]
[Date "2015.12.31"]
[Round "1"]
[White "Ecijaajedrez"]
[Black "Uji40"]
[WhiteElo "2530"]
[BlackElo "1950"]
[Result "1-0"]
[Round "1"]
1.d4 Ng8f6
2.c4 g6
3.Nb1c3 d5
4.cxd5 Nf6xd5
5.e4 Nd5xc3
6.bxc3 Bf8g7
7.Bf1c4 O-O
8.Ng1e2 Nb8c6
9.O-O e6
10.Bc1e3 Rf8e8
11.f4 Nc6a5
12.Bc4d3 Na5c6
13.Ne2g3 e5
14.fxe5 Nc6b8
15.Qd1b3 Re8e6
16.Bd3c4 Re6b6
17.Bc4xf7 Kh8
18.Qb3c2 Bc8e6
19.d5 Be6xf7
20.Rf1xf7 Bg7xe5
21.Be3xb6 axb6
22.Ra1f1 Nb8d7
23.Qc2d2 Be5g7
24.Qd2f4 Bg7xc3
25.Qf4h6 Qd8g8
26.Rf7xd7 Bc3d4
27.Kh1 Bd4g7
28.Qh6g5 c5
29.Rf1f7 Ra8xa2
30.Rd7d8 Ra2a1
31.Ng3f1 Ra1a8
32.Rd8xg8 Ra8xg8
33.d6 Rg8a8
34.Qg5e7 { resign }
1-0

[Event "Eq:Team USA-Royal chess : "]
[Site "www.chess-mail.com"]
[Date "2015.12.31"]
[Round "1"]
[White "Tomcapp"]
[Black "Cal"]
[WhiteElo "1580"]
[BlackElo "1539"]
[Result "0-1"]
[Round "1"]
1.c4 e5
2.e4 Nb8c6
3.Ng1f3 h6
4.c5 Bf8xc5
5.Bf1b5 d6
6.Bb5xc6 bxc6
7.Nb1c3 Ng8f6
8.b3 Bc8a6
9.Bc1b2 Nf6g4
10.Nf3xe5 Bc5xf2

0-1

[Event "Tourn. n8548"]
[Site "www.chess-mail.com"]
[Date "2016.01.01"]
[Round "1"]
[White "Duff"]
[Black "Chesspower"]
[WhiteElo "1760"]
[BlackElo "1720"]
[Result "0-1"]
[Round "1"]
1.e4 c6
2.d4 d5
3.Nb1c3 g6
4.Ng1f3 Bf8g7
5.Bc1e3 Ng8f6
6.Bf1d3 O-O
7.O-O dxe4
8.Nc3xe4 Nb8d7
9.Qd1d2 Nf6xe4
10.Bd3xe4 Nd7f6
11.Be4d3 Nf6d5
12.c3 Nd5xe3
13.fxe3 Bc8g4
14.e4 Qd8c7
15.h3 Bg4xf3
16.Rf1xf3 e5
17.d5 cxd5
18.exd5 Qc7c5
{ resign }
0-1

[Event "Tourn. n8495"]
[Site "www.chess-mail.com"]
[Date "2016.01.01"]
[Round "1"]
[White "Jhw"]
[Black "Genius7"]
[WhiteElo "2010"]
[BlackElo "2000"]
[Result "0-1"]
[Round "1"]
1.b4 c6
2.e4 d5
3.Nb1c3 d4
4.Nc3a4 e5
5.g3 Ng8f6
6.Bf1d3 Bf8e7
7.a3 O-O
8.c3 dxc3
9.dxc3 Qd8c7
10.Bc1b2 Rf8d8
11.Na4c5 b6
12.Nc5b3 Nf6xe4
13.Bd3xe4 { time. }
0-1

[Event "Tourn. n8446"]
[Site "www.chess-mail.com"]
[Date "2016.01.01"]
[Round "1"]
[White "Hundegana"]
[Black "Norlavuaram"]
[WhiteElo "2000"]
[BlackElo "2170"]
[Result "0-1"]
[Round "1"]
1.d4 Ng8f6
2.c4 g6
3.Nb1c3 Bf8g7
4.Ng1f3 d5
5.cxd5 Nf6xd5
6.Nc3xd5 Qd8xd5
7.Bc1e3 O-O
8.b3 b6
9.Ra1c1 c6
10.Be3f4 Bc8g4
11.Nf3e5 Bg4d7
12.e3 Bd7e8
13.f3 e6
14.Bf1c4 Qd5a5
15.Qd1d2 Qa5xd2
16.Kxd2 b5
17.Bc4d3 a5
18.Rc1c2 a4
19.b4 f6
20.Ne5g4 h5
21.Ng4f2 e5
22.dxe5 fxe5
23.Bf4g5 Ra8a7
24.Nf2e4 Be8d7
25.Ne4c5 Bd7f5
26.e4 Bf5c8
27.a3 Nb8a6
28.Rh1c1 Na6b8
29.Ke3 Kh7
30.h3 Rf8f7
31.g4 Bg7h6
32.Bg5xh6 Kxh6
33.Rc1h1 Rf7f4
34.Bd3e2 Ra7f7
35.Rc2d2 Rf7f8
36.Rd2d6 Rf4f6
37.Rd6xf6 Rf8xf6
38.Rh1g1 Kh7
39.g5 Rf6d6
40.Rg1d1 Rd6xd1
41.Be2xd1 Bc8xh3
42.Nc5d3 Nb8d7
43.Bd1e2 Bh3e6
44.Nd3f2 Kg7
45.f4 Kf7
46.fxe5 Nd7xe5
47.Kd4 Ne5d7
48.Nf2d3 h4
49.Be2f3 Ke7
50.Nd3f4 Be6f7
51.e5 Nd7b8
52.Kc5 Bf7e8
53.Kb6 Nb8d7
54.Kc7 Nd7xe5
55.Bf3g2 Be8d7
56.Bg2e4 h3
57.Be4h1 h2
58.Bh1g2 Bd7f5
59.Kb6 Kd6
60.Nf4e2 Bf5h3
61.Bg2e4 Bh3g4
62.Ne2g3 Bg4f3
63.Be4xf3 Ne5xf3
64.Ng3e4 Kd5
65.Ne4g3 Nf3xg5
66.Ka5 Ng5e4
67.Ng3h1 g5
68.Kb6 g4
69.Ka5 g3
70.Nh1xg3 Ne4xg3
{ resign }
0-1

[Event "Tourn. n8450"]
[Site "www.chess-mail.com"]
[Date "2016.01.01"]
[Round "1"]
[White "Wwgia"]
[Black "Tartan"]
[WhiteElo "2200"]
[BlackElo "2420"]
[Result "0-1"]
[Round "1"]
1.d4 Ng8f6
2.c4 e6
3.Ng1f3 d5
4.Nb1c3 c6
5.Bc1g5 Nb8d7
6.e3 Bf8b4
7.cxd5 exd5
8.Bf1d3 O-O
9.O-O h6
10.Bg5h4 Rf8e8
11.Qd1c2 Bb4d6
12.Ra1b1 Qd8c7
13.Rf1c1 Qc7a5
14.a3 Qa5d8
15.b4 a5
16.b5 Bd6xa3
17.Rc1d1 Ba3e7
18.bxc6 bxc6
19.Nc3a4 Bc8a6
20.Bh4g3 Ba6xd3
21.Rd1xd3 Be7b4
22.Na4c5 Nd7xc5
23.dxc5 Nf6e4
24.Bg3e5 Bb4xc5
25.Rb1b7 a4
{ resign }
0-1

[Event "Tourn. n8516"]
[Site "www.chess-mail.com"]
[Date "2016.01.01"]
[Round "1"]
[White "Jhw"]
[Black "Osopanda"]
[WhiteElo "1890"]
[BlackElo "1880"]
[Result "0-1"]
[Round "1"]
1.e4 c5
2.f4 d6
3.Bf1e2 Nb8c6
4.c3 Ng8f6
5.d3 e6
6.g4 Bf8e7
7.g5 Nf6d7
8.h4 O-O
9.Bc1e3 Qd8b6
10.b3 a5
{ time. }
0-1

[Event "Tourn. n8511"]
[Site "www.chess-mail.com"]
[Date "2016.01.01"]
[Round "1"]
[White "Tartan"]
[Black "Faerieking"]
[WhiteElo "2370"]
[BlackElo "2240"]
[Result "1-0"]
[Round "1"]
1.e4 d5
2.exd5 Ng8f6
3.d4 Bc8g4
4.f3 Bg4f5
5.Bf1b5 Nb8d7
6.c4 e6
7.dxe6 Bf8b4
8.Bc1d2 Bb4xd2
9.Qd1xd2 fxe6
10.Ng1e2 c6
11.Bb5a4 Nd7b6
12.Ba4b3 Qd8e7
13.O-O O-O
14.Nb1c3 Ra8d8
15.Qd2e3 Rf8e8
16.Ra1c1 Qe7b4
17.Nc3e4 { resign }
1-0

[Event "Tourn. n8447"]
[Site "www.chess-mail.com"]
[Date "2016.01.01"]
[Round "1"]
[White "Francesco"]
[Black "Chiccogianca"]
[WhiteElo "1920"]
[BlackElo "2050"]
[Result "1-0"]
[Round "1"]
1.e4 b6
2.d4 Bc8b7
3.Ng1f3 Bb7xe4
4.Bf1c4 e6
5.O-O Be4b7
6.Rf1e1 g6
7.Bc1g5 Bf8e7
8.Bg5xe7 Ng8xe7
9.Nb1d2 O-O
10.Bc4d3 d6
11.Nd2e4 Nb8d7
12.Qd1d2 Kg7
13.Re1e2 h6
14.Ra1e1 a6
15.h3 b5
16.Nf3h2 Bb7xe4
17.Bd3xe4 d5
18.Be4d3 c5
19.Nh2g4 Ne7g8
20.c3 cxd4
21.cxd4 Nd7b6
22.b3 Qd8d6
23.Ng4e5 Rf8c8
24.Qd2f4 Qd6e7
25.Qf4g3 Qe7g5
26.Qg3xg5 hxg5
27.Re2e3 Ng8f6
28.Re3g3 Ra8a7
29.Rg3xg5 Rc8c3
30.f4 Ra7c7
31.Kh2 Nb6d7
32.Bd3b1 Nd7xe5
33.fxe5 Nf6h7
34.Rg5g3 Rc3xg3
35.Kxg3 Nh7f8
36.Kf3 Nf8d7
37.g4 Nd7b8
38.h4 Rc7c3
39.Re1e3 Rc3xe3
40.Kxe3 a5
41.Bb1d3 b4
42.Bd3b5 f6
43.Kf4 Kf7
44.Bb5d3 Nb8d7
45.exf6 Kxf6
46.Bd3b5 Nd7b6
47.g5 Ke7
48.Ke5 Nb6c8
49.Bb5d3 Kf7
50.Bd3a6 Nc8e7
51.Ba6b5 Ne7f5
52.Bb5d7 Nf5xh4
53.Bd7xe6 Ke7
54.Be6xd5 Kd7
55.Bd5e4 Ke7
56.Kd5 Kd7
57.Kc5 Kc7
58.Kb5 { resign }
1-0

[Event "Tourn. n8501"]
[Site "www.chess-mail.com"]
[Date "2016.01.01"]
[Round "1"]
[White "Bojan"]
[Black "Lino"]
[WhiteElo "2010"]
[BlackElo "2250"]
[Result "0-1"]
[Round "1"]
1.e4 c5
2.Bf1c4 e6
3.Ng1f3 a6
4.a4 Nb8c6
5.d3 Qd8c7
6.c3 Ng8f6
7.h3 d5
8.exd5 exd5
9.Bc4b3 Qc7e7
10.Qd1e2 Qe7xe2
11.Kxe2 Bc8f5
12.Nf3h4 Bf5g6
13.Nh4xg6 hxg6
14.Rh1e1 O-O-O
15.Bc1f4 Bf8d6
16.Bf4g5 Rh8h5
17.Bg5xf6 gxf6
18.Nb1d2 Bd6c7
19.Bb3d1 Rh5e5
20.Kf1 Re5xe1
21.Kxe1 d4
22.c4 Nc6b4
23.g3 Nb4xd3
24.Kf1 Nd3xb2
25.Bd1f3 Bc7a5
26.Ra1a2 Ba5c3
27.Nd2e4 b6
28.a5 f5
29.Ne4g5 d3
30.axb6 d2
31.Ra2xa6 d1Q
32.Bf3xd1 Rd8xd1
33.Ke2 Rd1d2
34.Kf3 Bc3d4
35.g4 Kb7
36.Ra6a7 Kxb6
37.Ra7xf7 Nb2xc4
38.gxf5 Nc4e5
{ resign }
0-1

[Event "Tourn. n8477"]
[Site "www.chess-mail.com"]
[Date "2016.01.01"]
[Round "1"]
[White "Genius7"]
[Black "Jhw"]
[WhiteElo "1900"]
[BlackElo "1910"]
[Result "1-0"]
[Round "1"]
1.d4 c6
2.e4 e5
3.dxe5 Qd8a5
4.Nb1c3 Qa5xe5
5.Ng1f3 Qe5e7
6.Bf1e2 b5
7.a3 h6
8.O-O Ng8f6
9.e5 Nf6g4
10.Rf1e1 Qe7c5
11.Nc3e4 Qc5b6
12.h3 Ng4xf2
13.Ne4xf2 Bf8c5
14.Re1f1 O-O
15.b4 Bc5xf2
16.Rf1xf2 Bc8b7
17.Qd1d4 Qb6xd4
18.Nf3xd4 Rf8e8
19.Nd4f3 Nb8a6
20.Bc1b2 Ra8c8
21.Ra1d1 Re8e7
22.c4 bxc4
23.Be2xc4 Na6c7
24.Rf2d2 Rc8d8
25.Bb2d4 a6
26.Bd4b6 Rd8c8
27.Bb6c5 Re7e8
28.Rd2xd7 { resign }
1-0

[Event "Tourn. n8555"]
[Site "www.chess-mail.com"]
[Date "2016.01.01"]
[Round "1"]
[White "Faerieking"]
[Black "Cathar"]
[WhiteElo "2280"]
[BlackElo "2250"]
[Result "1-0"]
[Round "1"]
1.e4 c5
2.d4 cxd4
3.c3 dxc3
4.Nb1xc3 Nb8c6
5.Ng1f3 g6
6.Bf1c4 Bf8g7
7.O-O d6
8.Qd1e2 Ng8f6
9.Rf1d1 Nf6d7
10.Bc4xf7 Kxf7
11.Nf3g5 Ke8
12.Ng5e6 { resign }
1-0

[Event "Tourn. n8503"]
[Site "www.chess-mail.com"]
[Date "2016.01.01"]
[Round "1"]
[White "Sonny1000"]
[Black "Gatrooper"]
[WhiteElo "1689"]
[BlackElo "1580"]
[Result "0-1"]
[Round "1"]
1.e4 e5
2.Nb1c3 Ng8f6
3.h3 a6
4.a3 Nb8c6
5.Ng1f3 h6
6.Nc3a4 d6
7.Bf1c4 Bc8e6
8.Bc4xe6 fxe6
9.O-O Nf6xe4
10.c3 d5
11.g3 b5
12.d4 bxa4
13.dxe5 Qd8e7
14.Nf3h4 Qe7f7
15.Qd1xa4 Qf7d7
16.b3 Ne4xc3
17.Nh4g6 Rh8g8
18.Ng6xf8 Rg8xf8
19.Rf1e1 Nc3xa4
20.Bc1f4 Na4c5
21.Ra1d1 Nc5e4
22.h4 Ne4c3
23.Rd1d2 Nc3e4
24.h5 Ne4xd2
25.Re1e3 d4
26.Re3d3 Nd2e4
27.g4 Rf8xf4
28.f3 Nc6xe5
29.Rd3d1 Ne5xf3
30.Kg2 Nf3h4
31.Kh3 Ne4f2
32.Kg3 Nf2xd1
33.Kxf4 Qd7d6
34.Ke4 Nd1f2
{ resign }
0-1

[Event "Tourn. n8526"]
[Site "www.chess-mail.com"]
[Date "2016.01.01"]
[Round "1"]
[White "Gatrooper"]
[Black "Dulap"]
[WhiteElo "1610"]
[BlackElo "1900"]
[Result "0-1"]
[Round "1"]
1.e4 e5
2.a3 Ng8f6
3.Nb1c3 Nb8c6
4.Ng1f3 Bf8c5
5.d3 d6
6.Bc1e3 Bc5b6
7.Be3xb6 axb6
8.h3 O-O
9.Bf1e2 Bc8e6
10.Nf3g5 Nc6d4
11.Ng5f3 Nd4xf3
12.Be2xf3 c6
13.Qd1d2 b5
14.O-O-O b4
15.axb4 Ra8a1
16.Nc3b1 Be6a2
17.Qd2c3 Ra1xb1
18.Kd2 Rb1xd1
19.Rh1xd1 Ba2e6
20.Ke1 d5
21.exd5 Be6xd5
22.Bf3xd5 cxd5
23.Kf1 e4
24.g4 d4
25.Qc3e1 Rf8e8
26.g5 exd3
27.Qe1d2 dxc2
28.Qd2xc2 Nf6e4
29.f3 Ne4xg5
30.h4 Ng5xf3
31.h5 Qd8g5
32.Qc2f2 Qg5xh5
33.Qf2g2 Nf3h2
34.Kg1 Qh5xd1
35.Kxh2 Re8e2
36.Qg2xe2 Qd1xe2
37.Kg3 Qe2f1
38.Kg4 f5
39.Kg5 Kf7
40.Kh4 Qf1g2
41.Kh5 f4
{ resign }
0-1

[Event "Tourn. n8536"]
[Site "www.chess-mail.com"]
[Date "2016.01.01"]
[Round "1"]
[White "Bojan"]
[Black "Cardiff"]
[WhiteElo "2030"]
[BlackElo "1970"]
[Result "1/2-1/2"]
[Round "1"]
1.d4 d5
2.Ng1f3 Nb8c6
3.h3 Ng8f6
4.Nf3e5 Bc8d7
5.Ne5xd7 Qd8xd7
6.c3 e5
7.dxe5 Nc6xe5
8.Bc1f4 Bf8d6
9.e3 O-O
10.Bf4g5 Nf6e4
11.Bg5f4 c6
12.Bf1e2 Qd7c7
13.Nb1d2 Ne4xd2
14.Qd1xd2 Ra8d8
15.Qd2d4 b6
16.O-O Rf8e8
{ draw }
1/2-1/2

[Event "Tourn. n8489"]
[Site "www.chess-mail.com"]
[Date "2016.01.01"]
[Round "1"]
[White "Louis"]
[Black "Jhw"]
[WhiteElo "1830"]
[BlackElo "1960"]
[Result "0-1"]
[Round "1"]
1.d4 b5
2.e4 b4
3.Ng1f3 e5
4.Nf3xe5 d6
5.Ne5xf7 Kxf7
6.Bf1c4 Bc8e6
7.Qd1h5 g6
8.Bc4xe6 Kxe6
9.Qh5d5 Kd7
10.Qd5xa8 Nb8c6
11.Qa8xd8 Kxd8
12.Bc1g5 Bf8e7
13.Bg5xe7 Ng8xe7
14.c3 bxc3
15.bxc3 Rh8f8
16.O-O d5
17.f3 dxe4
18.fxe4 Rf8xf1
19.Kxf1 Kc8
20.Nb1d2 a6
21.Nd2b3 Nc6xd4
22.cxd4 Ne7f5
{ resign }
0-1

[Event "Tourn. n8408"]
[Site "www.chess-mail.com"]
[Date "2016.01.01"]
[Round "1"]
[White "Madz123456"]
[Black "Yangqi"]
[WhiteElo "2380"]
[BlackElo "2520"]
[Result "0-1"]
[Round "1"]
1.e4 c5
2.Ng1f3 d6
3.d4 cxd4
4.Nf3xd4 Ng8f6
5.Nb1c3 a6
6.Bc1g5 e6
7.f4 Qd8b6
8.Qd1d2 Nb8c6
9.O-O-O Qb6xd4
10.Qd2xd4 Nc6xd4
11.Rd1xd4 Bf8e7
12.Nc3a4 Bc8d7
13.Na4b6 Ra8d8
14.Nb6xd7 Nf6xd7
15.Bg5xe7 Kxe7
16.Bf1e2 e5
17.fxe5 dxe5
18.Rd4d5 f6
19.Be2g4 g6
20.Rh1f1 Nd7b8
21.Rf1d1 Rd8xd5
22.Rd1xd5 Rh8d8
23.Rd5xd8 Kxd8
24.Bg4e6 Ke7
25.Be6d5 b6
26.Kd2 f5
27.exf5 gxf5
28.Bd5b7 a5
29.Bb7c8 Kf6
30.Ke3 Nb8c6
31.Bc8b7 Nc6e7
32.c3 h5
33.g3 e4
34.b4 Ke5
35.bxa5 bxa5
36.c4 Kd6
37.Bb7a6 Ne7c6
38.Ba6b5 Nc6b4
39.a4 Kc5
40.h4 Nb4c6
 { time }
0-1

[Event "Tourn. n8516"]
[Site "www.chess-mail.com"]
[Date "2016.01.01"]
[Round "1"]
[White "Julian"]
[Black "Jhw"]
[WhiteElo "1930"]
[BlackElo "1890"]
[Result "1-0"]
[Round "1"]
1.e4 e5
2.Ng1f3 Nb8c6
3.c3 Ng8f6
4.d4 exd4
5.e5 dxc3
6.Nb1xc3 Nf6g4
7.Bc1f4 Bf8c5
8.Nc3e4 f5
9.Ne4xc5 b6
10.Nc5d3 Bc8b7
11.h3 { resign }
1-0

[Event "Tourn. n8542"]
[Site "www.chess-mail.com"]
[Date "2016.01.01"]
[Round "1"]
[White "Faerieking"]
[Black "Gimmyg"]
[WhiteElo "2260"]
[BlackElo "2450"]
[Result "0-1"]
[Round "1"]
1.e4 Nb8c6
2.Bf1c4 Ng8f6
3.Nb1c3 g6
4.d3 Nc6a5
5.e5 d5
6.exf6 dxc4
7.Qd1e2 cxd3
8.cxd3 Na5c6
9.Bc1g5 Bc8e6
10.fxe7 Bf8xe7
11.Bg5h6 Qd8d7
12.Ng1f3 f6
13.O-O g5
14.Rf1e1 Kf7
15.h4 g4
16.Nf3h2 Ra8d8
17.Ra1d1 Nc6d4
18.Qe2d2 c5
19.b3 Rh8g8
20.h5 Be6d5
21.Nc3e4 Nd4f3
{ resign }
0-1

[Event "Tourn. n8462"]
[Site "www.chess-mail.com"]
[Date "2016.01.01"]
[Round "1"]
[White "Jhw"]
[Black "Wwgia"]
[WhiteElo "1940"]
[BlackElo "2200"]
[Result "0-1"]
[Round "1"]
1.c4 Ng8f6
2.Ng1f3 g6
3.d4 Bf8g7
4.Nb1c3 d5
5.Bc1f4 c5
6.Bf4xb8 Ra8xb8
7.dxc5 Qd8a5
8.Qd1a4 Qa5xa4
9.Nc3xa4 dxc4
10.Nf3e5 Nf6e4
11.Ne5xc4 Bc8d7
12.f3 Bd7xa4
13.fxe4 O-O
14.g3 Rb8c8
15.Ra1b1 Ba4c2
16.Rb1c1 Bc2xe4
17.Rh1g1 Rc8xc5
18.b3 b5
19.e3 bxc4
20.Bf1xc4 Rf8c8
21.Rg1f1 e6
22.Rf1f4 Be4d5
23.Kf2 Bd5xc4
24.bxc4 e5
25.Rf4e4 f5
26.Re4h4 e4
27.g4 Rc5xc4
{ resign }
0-1

[Event "Tourn. n8506"]
[Site "www.chess-mail.com"]
[Date "2016.01.01"]
[Round "1"]
[White "Jhw"]
[Black "Bojan"]
[WhiteElo "2040"]
[BlackElo "2000"]
[Result "0-1"]
[Round "1"]
1.Ng1f3 c5
2.c4 g6
3.e4 Bf8g7
4.d4 cxd4
5.Nf3xd4 Qd8a5
6.Nb1c3 d6
7.f4 Bc8d7
8.Qd1d3 Ng8h6
9.Bf1e2 Qa5b6
10.Nc3b5 a6
11.Nb5c3 Bg7xd4
12.Nc3d5 Bd4f2
13.Kf1 Qb6a7
14.Nd5c7 Kd8
15.Nc7xa8 Nb8c6
16.Qd3c3 f6
17.c5 Bf2xc5
18.f5 Qa7xa8
19.Bc1xh6 b5
20.fxg6 hxg6
21.Bh6g7 Bc5d4
22.Qc3g3 Rh8g8
23.Qg3xg6 f5
24.exf5 Rg8xg7
25.Qg6e8 Bd7xe8
{ resign }
0-1

[Event "Tourn. n8501"]
[Site "www.chess-mail.com"]
[Date "2016.01.01"]
[Round "1"]
[White "Genius7"]
[Black "Norlavuaram"]
[WhiteElo "2020"]
[BlackElo "2260"]
[Result "1/2-1/2"]
[Round "1"]
1.c4 Ng8f6
2.Nb1c3 g6
3.d4 d5
4.cxd5 Nf6xd5
5.Bc1d2 Bf8g7
6.e4 Nd5xc3
7.Bd2xc3 O-O
8.Bf1c4 c6
9.Ng1e2 Nb8d7
10.O-O Nd7b6
11.Bc4b3 Bc8g4
12.f3 Bg4c8
13.a4 Nb6d7
14.Qd1c2 e5
15.dxe5 Nd7xe5
16.Kh1 Qd8c7
17.Rf1d1 b6
18.Ra1c1 Bc8a6
19.Ne2g3 { draw }
1/2-1/2

[Event "Match"]
[Site "www.echecsemail.com"]
[Date "2016.01.01"]
[Round "1"]
[White "Irene"]
[Black "Genius7"]
[WhiteElo "2040"]
[BlackElo "1730"]
[Result "0-1"]
[Round "1"]
1.d4 d5
2.Nb1c3 c6
3.Ng1f3 Ng8f6
4.Bc1g5 e6
5.e3 Nb8d7
6.Nf3e5 Bf8e7
7.Ne5xf7 Kxf7
8.Qd1f3 Rh8f8
9.e4 Kg8
10.e5 Nf6e4
11.Bg5xe7 Qd8xe7
12.Qf3e3 Ne4xf2
13.Rh1g1 Nf2g4
14.Qe3g3 Qe7g5
15.Bf1e2 h5
16.h3 Qg5e3
17.Qg3xe3 Ng4xe3
18.Kd2 Ne3f5
19.Be2xh5 Nf5xd4
20.Ra1e1 c5
21.Nc3a4 b6
22.c3 Nd4c6
23.b3 Bc8a6
24.Bh5g4 Ra8e8
25.Bg4h5 Re8e7
26.Re1e3 Nc6xe5
27.Rg1e1 Rf8f2
28.Kc1 Ne5d3
29.Kd1 c4
30.Re1e2 Rf2xe2
31.Bh5xe2 Nd7e5
32.b4 Ba6b5
33.Be2xd3 Ne5xd3
{ resign }
0-1

[Event "Match"]
[Site "www.echecsemail.com"]
[Date "2016.01.01"]
[Round "1"]
[White "Calponas"]
[Black "Jhw"]
[WhiteElo "2060"]
[BlackElo "1920"]
[Result "1-0"]
[Round "1"]
1.e4 c5
2.Ng1f3 e6
3.d4 d5
4.exd5 Qd8xd5
5.c4 Qd5c6
6.Nb1c3 cxd4
7.Qd1xd4 Ng8f6
8.Nf3e5 Bf8c5
9.Qd4h4 Qc6c7
10.Bc1f4 Qc7a5
11.Bf1d3 h6
12.O-O Nb8d7
13.Ra1e1 Bc5d4
14.Bd3b1 Nd7xe5
15.Bf4xe5 Bd4xe5
16.Nc3e4 Nf6xe4
17.Qh4xe4 Be5xb2
18.f4 Qa5c5
19.Kh1 Ra8b8
20.f5 e5
21.f6 g6
22.Qe4h4 g5
23.Qh4f2 Bb2d4
24.Qf2c2 Bc8e6
25.Qc2a4 b5
26.cxb5 Rb8xb5
27.Bb1d3 Be6d7
28.Re1c1 Rb5b2
29.Rc1xc5 Bd7xa4
30.Rc5c8 Kd7
31.Rc8xh8 Ba4c6
32.Bd3f5 Kd6
33.Rh8d8 Kc5
34.Rf1c1 Kb4
35.Rc1xc6 Rb2xa2
36.Rd8b8 Ka5
37.Rb8b1 { resign }
1-0

[Event "Match"]
[Site "www.echecsemail.com"]
[Date "2016.01.01"]
[Round "1"]
[White "Pellix84"]
[Black "Jhw"]
[WhiteElo "2020"]
[BlackElo "1960"]
[Result "1-0"]
[Round "1"]
1.d4 b6
2.e4 d6
3.Ng1f3 f5
4.Bf1d3 h5
5.h4 Ng8f6
6.exf5 Nb8c6
7.c3 Bc8d7
8.Qd1b3 Nf6g4
9.Nf3g5 Ng4h6
10.Ng5e6 Bd7xe6
11.Qb3xe6 Nh6g4
12.f6 Qd8d7
13.Bd3g6 Kd8
14.fxe7 Bf8xe7
15.Qe6xd7 Kxd7
16.f3 Ng4f6
17.Bc1g5 Nf6d5
18.Nb1d2 Ra8f8
19.Nd2e4 Be7xg5
20.hxg5 Nd5e3
21.Kd2 Ne3xg2
22.Bg6xh5 Ng2f4
23.Bh5g4 Ke7
24.Ra1e1 { resign }
1-0

[Event "Match"]
[Site "www.echecsemail.com"]
[Date "2016.01.01"]
[Round "1"]
[White "Meadowman"]
[Black "Farmermike"]
[WhiteElo "1339"]
[BlackElo "1659"]
[Result "1-0"]
[Round "1"]
1.d3 e5
2.Nb1c3 c6
3.e4 b5
4.Bc1d2 b4
5.Nc3a4 d5
6.b3 Ng8f6
7.Bf1e2 d4
8.f4 g6
9.Ng1f3 Nf6h5
10.Nf3xe5 Qd8h4
{ time. }
1-0

[Event "Match"]
[Site "www.echecsemail.com"]
[Date "2016.01.01"]
[Round "1"]
[White "Stevefillion"]
[Black "Johndyson"]
[WhiteElo "2350"]
[BlackElo "2410"]
[Result "0-1"]
[Round "1"]
1.Ng1f3 d5
2.g3 Ng8f6
3.Bf1g2 e6
4.c4 d4
5.O-O c5
6.e3 Nb8c6
7.exd4 cxd4
8.d3 Bf8e7
9.Rf1e1 O-O
10.Nb1a3 Be7d6
11.Ra1b1 e5
12.c5 Bd6xc5
13.Nf3xe5 Nc6xe5
14.Re1xe5 Bc8g4
15.Qd1a4 Qd8d7
16.Qa4b3 Bc5d6
17.Re5e1 Ra8e8
18.Bc1d2 Re8xe1
19.Rb1xe1 Bg4e6
20.Qb3c2 Rf8c8
21.Qc2b1 Be6f5
22.b4 Nf6g4
23.Qb1b2 h5
24.Na3c4 Bd6b8
25.Bg2e4 b5
26.Nc4a5 Ng4e5
27.Re1d1 Bf5xe4
{ resign }
0-1

[Event "Match"]
[Site "www.echecsemail.com"]
[Date "2016.01.01"]
[Round "1"]
[White "Tonino1"]
[Black "Llord"]
[WhiteElo "1990"]
[BlackElo "1880"]
[Result "1-0"]
[Round "1"]
1.d4 Ng8f6
2.Ng1f3 d5
3.e3 Nb8c6
4.Bf1d3 e6
5.Nb1d2 Nc6b4
6.Bd3e2 Bf8d6
7.a3 Nb4c6
8.b3 O-O
9.Bc1b2 b6
10.O-O Rf8e8
11.Nf3e5 Bc8b7
12.f4 Bd6e7
13.Be2d3 Nc6xe5
14.fxe5 Nf6e4
15.Bd3xe4 dxe4
16.Qd1g4 Be7g5
17.Ra1e1 Bb7a6
18.Nd2xe4 Ba6xf1
19.Ne4xg5 Bf1b5
20.c4 Bb5c6
21.Re1f1 Re8f8
22.e4 h6
23.Ng5xe6 fxe6
24.Qg4xe6 Kh8
25.Rf1xf8 Qd8xf8
26.Qe6xc6 Ra8d8
27.Qc6xc7 Rd8e8
28.Qc7xa7 Re8e7
29.Qa7a6 Re7f7
30.c5 bxc5
31.d5 h5
32.e6 Rf7e7
33.Qa6f1 Qf8xf1
34.Kxf1 Kh7
35.e5 Kg8
36.d6 { resign }
1-0

[Event "Match"]
[Site "www.echecsemail.com"]
[Date "2016.01.01"]
[Round "1"]
[White "Mitja"]
[Black "Bojan"]
[WhiteElo "1930"]
[BlackElo "2050"]
[Result "1/2-1/2"]
[Round "1"]
1.d4 d5
2.e3 a6
3.c3 g6
4.h3 Bf8g7
5.Ng1f3 Nb8c6
6.Nb1d2 Qd8d6
7.Bf1e2 e5
8.dxe5 Nc6xe5
9.Nf3xe5 Bg7xe5
10.Nd2f3 Be5g7
11.Qd1b3 b5
12.Bc1d2 Bc8e6
13.Qb3b4 Qd6xb4
14.cxb4 Bg7xb2
15.Ra1b1 Bb2f6
16.a3 Ng8e7
17.O-O Ra8c8
18.Rf1c1 c6
19.Bd2c3 Bf6xc3
20.Rc1xc3 f6
21.Rb1c1 Kd7
22.Nf3d4 Be6f7
23.f4 Rc8c7
24.Kf2 Rh8a8
25.Be2g4 Kd6
26.g3 Bf7e8
27.Nd4e6 Rc7c8
28.Ne6f8 h5
29.Bg4xc8 Ra8xc8
30.Nf8h7 Ke6
31.g4 Be8d7
32.g5 Ne7g8
33.gxf6 Ng8h6
34.Nh7g5 Kxf6
35.Kf3 Nh6f5
36.Rc1d1 Nf5d6
37.e4 dxe4
38.Ng5xe4 Nd6xe4
39.Kxe4 Bd7e6
40.Rd1d6 Rc8e8
41.h4 Kf7
42.Kd4 Be6d5
43.Kc5 Re8e4
44.Rc3g3 Re4xf4
45.Rd6xg6 Rf4xh4
46.Rg6g7 Kf6
47.Kb6 Rh4f4
48.Kxa6 Ke5
49.Rg7g5 Rf4f5
50.Rg5g7 Kf4
51.Rg3g1 Ke3
52.Rg7h7 Kd3
53.Rg1g3 Rf5f3
54.Rg3xf3 Bd5xf3
55.Rh7f7 Ke3
56.Kb6 Kf2
57.Kc5 h4
58.Rf7h7 Kg3
59.Rh7g7 Kh2
60.Kd4 h3
61.Ke3 Bf3g2
62.Kf2 Kh1
63.Rg7g6 Kh2
64.Rg6d6 Kh1
65.Rd6d1 { draw }
1/2-1/2

[Event "Match"]
[Site "www.echecsemail.com"]
[Date "2016.01.01"]
[Round "1"]
[White "Tonino1"]
[Black "Goosebumps"]
[WhiteElo "1990"]
[BlackElo "2180"]
[Result "0-1"]
[Round "1"]
1.d4 e6
2.Ng1f3 Ng8f6
3.e3 b6
4.Bf1d3 c5
5.b3 Nb8c6
6.Bc1b2 cxd4
7.exd4 Bc8b7
8.O-O Ra8c8
9.a3 Bf8e7
10.Nb1d2 O-O
11.c4 d5
12.Qd1e2 dxc4
13.Nd2xc4 Qd8c7
14.Nf3e5 Rf8d8
15.Ne5xc6 Qc7xc6
16.Nc4e3 Nf6d5
17.Ne3xd5 Qc6xd5
18.Qe2g4 Qd5xb3
19.Bd3xh7 Kxh7
20.Ra1b1 Be7xa3
21.Bb2a1 Qb3d5
22.Rf1e1 Ba3e7
23.Re1e5 Qd5c6
24.Re5h5 Kg8
25.Qg4xg7 Kxg7
26.d5 Kg6
27.dxc6 Kxh5
28.cxb7 Rc8c7
29.Rb1b5 Be7c5
{ resign }
0-1